<?xml version="1.0" encoding="UTF-8"?>
<record
    xmlns:xsi="http://www.w3.org/2001/XMLSchema-instance"
    xsi:schemaLocation="http://www.loc.gov/MARC21/slim http://www.loc.gov/standards/marcxml/schema/MARC21slim.xsd"
    xmlns="http://www.loc.gov/MARC21/slim">

  <leader>01208nam a22003377a 4500</leader>
  <controlfield tag="003">OSt</controlfield>
  <controlfield tag="005">20260513082829.0</controlfield>
  <controlfield tag="008">260507b        |||||||| |||| 00| 0 aze d</controlfield>
  <datafield tag="040" ind1=" " ind2=" ">
    <subfield code="a">AZ-XaKU</subfield>
    <subfield code="b">aze</subfield>
    <subfield code="c">AZ-XaKU</subfield>
  </datafield>
  <datafield tag="041" ind1="0" ind2=" ">
    <subfield code="a">aze</subfield>
  </datafield>
  <datafield tag="050" ind1="1" ind2="4">
    <subfield code="a">ML410 .R997 .G95163 2016</subfield>
  </datafield>
  <datafield tag="245" ind1="1" ind2="0">
    <subfield code="a">Az&#x259;r Rzayevin h&#x259;yat v&#x259; yarad&#x131;c&#x131;l&#x131;&#x11F;&#x131;</subfield>
    <subfield code="b">: metodik v&#x259;sait</subfield>
    <subfield code="c">/ t&#x259;rtib ed&#x259;n: Leyla Quliyeva</subfield>
  </datafield>
  <datafield tag="264" ind1=" " ind2=" ">
    <subfield code="a">Bak&#x131;:</subfield>
    <subfield code="b">Ecoprint m&#x259;tb&#x259;&#x259;si, </subfield>
    <subfield code="c">2017.</subfield>
  </datafield>
  <datafield tag="300" ind1=" " ind2=" ">
    <subfield code="a">34 s&#x259;hif&#x259; ;</subfield>
    <subfield code="b">&#x15F;&#x259;killi ;</subfield>
    <subfield code="c">23 sm.</subfield>
  </datafield>
  <datafield tag="336" ind1=" " ind2=" ">
    <subfield code="a">text</subfield>
    <subfield code="b">txt</subfield>
    <subfield code="2">rdacontent</subfield>
  </datafield>
  <datafield tag="337" ind1=" " ind2=" ">
    <subfield code="a">unmediated</subfield>
    <subfield code="b">n</subfield>
    <subfield code="2">rdamedia</subfield>
  </datafield>
  <datafield tag="338" ind1=" " ind2=" ">
    <subfield code="a">volume </subfield>
    <subfield code="b">nc</subfield>
    <subfield code="2">rdacarrier</subfield>
  </datafield>
  <datafield tag="521" ind1=" " ind2=" ">
    <subfield code="a">&#xDC;mumi oxucu k&#xFC;tl&#x259;si </subfield>
  </datafield>
  <datafield tag="600" ind1=" " ind2=" ">
    <subfield code="2">AZ-XaKu</subfield>
    <subfield code="a">Rzayev, Az&#x259;r,</subfield>
    <subfield code="d">1930 - 2015.</subfield>
  </datafield>
  <datafield tag="650" ind1=" " ind2="7">
    <subfield code="2">AZ-XaKU</subfield>
    <subfield code="a">B&#x259;st&#x259;karlar</subfield>
    <subfield code="x">H&#x259;yat v&#x259; yarad&#x131;c&#x131;l&#x131;&#x11F;&#x131;</subfield>
    <subfield code="z">Az&#x259;rbaycan</subfield>
  </datafield>
  <datafield tag="655" ind1=" " ind2=" ">
    <subfield code="2">AZ-XaKU</subfield>
    <subfield code="a">Bioqrafiya</subfield>
  </datafield>
  <datafield tag="700" ind1="1" ind2=" ">
    <subfield code="a">Quliyeva, Leyla,</subfield>
    <subfield code="e">t&#x259;rtib ed&#x259;n.</subfield>
  </datafield>
  <datafield tag="700" ind1="1" ind2=" ">
    <subfield code="a">Quliyev, Akif,</subfield>
    <subfield code="e">elmi redaktor.</subfield>
  </datafield>
  <datafield tag="700" ind1="1" ind2=" ">
    <subfield code="a">Na&#x11F;&#x131;yev, Faiq, </subfield>
    <subfield code="e">redaktor.</subfield>
  </datafield>
  <datafield tag="700" ind1="1" ind2=" ">
    <subfield code="a">&#x130;manova, &#xDC;lviyy&#x259;, </subfield>
    <subfield code="e">r&#x259;y&#xE7;i.</subfield>
  </datafield>
  <datafield tag="700" ind1="1" ind2=" ">
    <subfield code="a">Mirz&#x259;yeva, C&#x259;mil&#x259;,</subfield>
    <subfield code="e">r&#x259;y&#xE7;i.</subfield>
  </datafield>
  <datafield tag="710" ind1="1" ind2=" ">
    <subfield code="a">Az&#x259;rbaycan Respublikas&#x131; T&#x259;hsil Nazirliyi.</subfield>
  </datafield>
  <datafield tag="710" ind1="2" ind2=" ">
    <subfield code="a">Az&#x259;rbaycan Milli Koservatoriyas&#x131;.</subfield>
  </datafield>
  <datafield tag="942" ind1=" " ind2=" ">
    <subfield code="c">BOOK</subfield>
  </datafield>
  <datafield tag="999" ind1=" " ind2=" ">
    <subfield code="c">390</subfield>
    <subfield code="d">390</subfield>
  </datafield>
  <datafield tag="952" ind1=" " ind2=" ">
    <subfield code="0">0</subfield>
    <subfield code="1">0</subfield>
    <subfield code="2">lcc</subfield>
    <subfield code="4">0</subfield>
    <subfield code="7">0</subfield>
    <subfield code="8">FA</subfield>
    <subfield code="a">KU</subfield>
    <subfield code="b">KUA</subfield>
    <subfield code="d">2026-05-07</subfield>
    <subfield code="l">0</subfield>
    <subfield code="o">ML410 .R997 .G95163 2016</subfield>
    <subfield code="p">0000001180</subfield>
    <subfield code="r">2026-05-07 11:35:00</subfield>
    <subfield code="t">1</subfield>
    <subfield code="w">2026-05-07</subfield>
    <subfield code="y">BOOK</subfield>
  </datafield>
</record>
